Przeglad statystyczny

Saved in:
Bibliographic Details
Format: Serial
Language:Polish
Published: Warszawa Panstwowe wydawnictwo naukowe 1979
Tags: Add Tag
No Tags, Be the first to tag this record!

MARC

LEADER 00000nas2a2200000 4500
001 s103774
005 20250730114154.8
041 0 |a pol 
044 |a PL 
245 1 0 |a Przeglad statystyczny 
264 1 |a Warszawa  |b Panstwowe wydawnictwo naukowe  |c 1979 
300 |a 1 zv. 
773 0 |w eu_un_cat*s120579